书目信息 |
| 题名: |
超临界流体技术:原理和技术
|
|
| 作者: | 朱自强 编著 | |
| 分册: | ||
| 出版信息: | 北京 化学工业出版社 2000.03 |
|
| 页数: | 660页 | |
| 开本: | 32开 | |
| 丛书名: | ||
| 单 册: | ||
| 中图分类: | O351.2 | |
| 科图分类: | ||
| 主题词: | 流体力学 | |
| 电子资源: | ||
| ISBN: | 7-5025-2614-5 | |
| 000 | 00582nam0 2200193 45 | |
| 001 | 0010081428 | |
| 005 | 20001008143917.6 | |
| 010 | @a7-5025-2614-5@d50.00元 | |
| 100 | @a20001008d2000 km y0chiy0120 ea | |
| 101 | 0 | @achi |
| 105 | @a z 000yy | |
| 200 | 1 | @a超临界流体技术:原理和技术@AChao Lin Jie Liu Ti Ji Shu:Yuan Li He Ji Shu@f朱自强编著@FZhu Zi Qiang Bian Zhu |
| 210 | @a北京@c化学工业出版社@d2000.03 | |
| 215 | @a660页@d32开 | |
| 606 | 0 | @a流体力学 |
| 690 | @aO351.2@v3 | |
| 701 | 0 | @a朱自强@4编著 |
| 801 | @aCN@bPftUser@c20001008 | |
| 905 | @b172445-447@dO351.2@eZH696@f3 | |
| 超临界流体技术:原理和技术/朱自强编著.-北京:化学工业出版社,2000.03 |
| 660页;32开 |
| ISBN 7-5025-2614-5:50.00元 |
| ● |
| 相关链接 |
|
|
|
正题名:超临界流体技术:原理和技术
索取号:O351.2/ZH696
 
预约/预借
| 序号 | 登录号 | 条形码 | 馆藏地/架位号 | 状态 | 备注 |
| 1 | 172445 | 201724456 | 自科二线504/504自科库 50排3列4层/ [索取号:O351.2/ZH696] | 在馆 | |
| 2 | 172446 | 201724465 | 自科库401/401自科库 53排6列2层/ [索取号:O351.2/ZH696] | 在馆 | |
| 3 | 172447 | 201724474 | 自科库401/401自科库 53排6列2层/ [索取号:O351.2/ZH696] | 在馆 |